Ma túy và các chất gây nghiện, cách nhận biết và biện pháp giải độc

Đã lưu trong:
Sonraí Bibleagrafaíochta
Príomhúdar: L Ron Hubbard
Formáid: Leabhar
Teanga:Undetermined
Foilsithe: Hà Nội Y học 1998
Ábhair:
Clibeanna: Cuir Clib Leis
Gan Chlibeanna, Bí ar an gcéad duine leis an taifead seo a chlibeáil!
Thư viện lưu trữ: Trung tâm Học liệu Trường Đại học Cần Thơ
LEADER 00601nam a2200193Ia 4500
001 CTU_27865
008 210402s9999 xx 000 0 und d
020 |b 11.000đ 
082 |a 613.83 
082 |b H875 
100 |a L Ron Hubbard 
245 0 |a Ma túy và các chất gây nghiện, cách nhận biết và biện pháp giải độc 
245 0 |c L Ron Hubbard, Đỗ Hoàng Dung 
260 |a Hà Nội 
260 |b Y học 
260 |c 1998 
650 |a narcotics, control of 
904 |i Minh, 990106 
980 |a Trung tâm Học liệu Trường Đại học Cần Thơ